| 000 | 00528nam a2200145Ia 4500 | ||
|---|---|---|---|
| 005 | 20250704022028.0 | ||
| 008 | 240331s9999 xx 000 0 und d | ||
| 082 |
_a303.6 _bLIY |
||
| 100 | _aLiyanagame, A | ||
| 245 | 0 | _aLanka ethihasaye madyathana yugaye ena Keralayo prathivirudda avastha dekak pilibanda adyanayak | |
| 260 |
_aColombo _bSocial Scientist's Association _c1994 |
||
| 300 | _a24 p., | ||
| 500 | _aTranslation by the author of "Keralas in Medieval Sri Lankan History. A study of two Contrasting Roles" | ||
| 942 | _cL | ||
| 999 |
_c1280 _d1280 |
||